000 00660nam a2200301Ia 4500
005 20260127113245.0
008 008 260114s9999 xx 000 0 eng d
020 _a9788131609927
037 _aTextbook
040 _aPSDL
040 _beng
040 _cPSDL
041 _2eng
041 _aeng
084 _aY592 Q9
084 _qPSDL
100 _aKarade, Jagan
_91111451
245 0 _aScheduled Caste Elites
245 0 _cKarade, Jagan
260 _aNew Delhi
260 _bRawat Publication
260 _c2019
300 _a215
942 _cTB
942 _hY592 Q9
999 _c1677627
_d1677627